LEADER 02033oas 2200841 a 450 001 9910135772903321 005 20260203110333.0 011 $a1534-3111 035 $a(DE-599)ZDB2094165-1 035 $a(OCoLC)46464855 035 $a(CONSER) 2001212048 035 $a(CKB)110978984569977 035 $a(DE-599)2094165-1 035 $a(EXLCZ)99110978984569977 100 $a20010316a19999999 sy a 101 0 $aeng 135 $aur||||||||||| 181 $ctxt$2rdacontent 182 $cc$2rdamedia 183 $acr$2rdacarrier 200 10$aCurrent hypertension reports 210 1$aPhiladelphia, PA :$cCurrent Science,$d©2001- 210 31$a[Philadelphia, PA] :$cSpringer Science+Business Media 300 $aRefereed/Peer-reviewed 311 08$a1522-6417 517 1 $aCurr. hypertens. rep 531 0 $aCurr. hypertens. rep. 606 $aHypertension$vPeriodicals 606 $aHypertension 606 $aHypertension$2fast$3(OCoLC)fst00965831 606 $aUrologia$2thub 606 $aNefrologia$2thub 608 $aPeriodical. 608 $aPeriodicals.$2fast 608 $aPeriodicals.$2lcgft 608 $aRevistes electròniques.$2thub 615 0$aHypertension 615 2$aHypertension. 615 7$aHypertension. 615 7$aUrologia. 615 7$aNefrologia. 676 $a616 801 0$bNSD 801 1$bNSD 801 2$bDLC 801 2$bOCLCQ 801 2$bHEBIS 801 2$bEXW 801 2$bVRC 801 2$bOCLCQ 801 2$bOCLCF 801 2$bTXA 801 2$bOCLCQ 801 2$bAU@ 801 2$bUKMGB 801 2$bCNTRU 801 2$bVT2 801 2$bUBY 801 2$bBWN 801 2$bDKU 801 2$bOCLCO 801 2$bQGK 801 2$bOCLCQ 801 2$bOCLCO 801 2$bOCLCQ 801 2$bUAB 801 2$bSFB 801 2$bOCLCL 801 2$bOCLCQ 906 $aJOURNAL 912 $a9910135772903321 996 $aCurrent hypertension reports$91984156 997 $aUNINA